Sports Quiz

Random Sports or Baseball Quiz
Score 0/300 Timer 05:00
6 Plays Today
Team Players % Correct
Braves
95.5%
Red Sox
95.3%
Yankees
95%
Tigers
94.6%
Orioles
93.9%
Red Sox
93.9%
Cubs
93.8%
Pirates
93.6%
Reds
93.6%
White Sox
93.5%
Yankees
93.4%
Marlins
93.2%
Pirates
93%
Orioles
93%
Tigers
92.8%
Red Sox
92.7%
Orioles
92.7%
Braves
92.5%
Angels
92.4%
Braves
92.4%
Angels
92.3%
Red Sox
92%
Red Sox
92%
Tigers
91.9%
Yankees
91.9%
Rockies
91.3%
Yankees
91.3%
Red Sox
91.2%
Royals
91.2%
Yankees
91.1%
Orioles
91.1%
Tigers
90.6%
Orioles
90.6%
Orioles
90.4%
Orioles
90.4%
Cubs
90.2%
Tigers
90.2%
Brewers
90.2%
Marlins
90.1%
Indians
90.1%
Cardinals
90.1%
Braves
89.9%
Dodgers
89.9%
Red Sox
89.8%
White Sox
89.7%
Cubs
89.6%
Indians
89.6%
Braves
89.5%
Angels
89.4%
Cubs
89.2%
Angels
89.1%
Angels
89.1%
White Sox
89%
Brewers
88.9%
Tigers
88.7%
Braves
88.6%
Cubs
88.4%
Rockies
88%
Tigers
87.9%
Mets
87.9%
White Sox
87.9%
Diamondbacks
87.7%
Blue Jays
87.6%
White Sox
87.6%
Yankees
87.5%
Indians
87.4%
White Sox
87.4%
Cardinals
87.3%
Red Sox
87.2%
Rays
87%
Brewers
86.5%
Mets
86.5%
Braves
86.4%
Twins
86.1%
Indians
85.7%
Tigers
85.6%
Reds
85.6%
Yankees
85.6%
Nationals
85.5%
Dodgers
85.3%
Padres
85.3%
Rockies
85.2%
Reds
85%
Rangers
85%
Mets
84.8%
Padres
84.8%
Marlins
84.8%
Cardinals
84.5%
Rays
84.4%
Pirates
84.4%
Twins
84.3%
Rockies
84.3%
Diamondbacks
84.2%
Rockies
84.2%
Cardinals
84.2%
Rockies
84.1%
Rangers
84%
Brewers
83.9%
Reds
83.9%
Twins
83.8%
Team Players % Correct
Cubs
83.6%
Yankees
83.3%
Reds
83.3%
Astros
83.3%
Padres
83.2%
Marlins
83.1%
Cardinals
83.1%
Brewers
83%
Brewers
83%
Rays
82.9%
White Sox
82.8%
Rays
82.5%
Phillies
82.3%
Braves
82.2%
Tigers
82.2%
Brewers
82.1%
Red Sox
82.1%
Dodgers
82%
Astros
81.9%
Yankees
81.7%
White Sox
81.6%
Reds
81.6%
Rockies
81.4%
Marlins
81.4%
Dodgers
81%
Mets
81%
Marlins
80.7%
Rangers
80.5%
Twins
80.5%
Cubs
80.5%
Phillies
80.4%
Dodgers
80.2%
Diamondbacks
80.1%
Nationals
80%
Yankees
79.9%
Rangers
79.8%
Rays
79.7%
Diamondbacks
79.6%
Phillies
79.6%
Diamondbacks
79.5%
Padres
79.4%
Phillies
79.3%
Mariners
78.4%
Cardinals
78.3%
Blue Jays
78.3%
Tigers
78.3%
Rays
78.1%
Mets
78%
Giants
77.8%
Astros
77.8%
Mariners
77.6%
Phillies
77.6%
Giants
77.3%
Marlins
77.3%
Astros
77.2%
Orioles
77%
Royals
76.6%
Mariners
76.5%
Phillies
76.4%
Diamondbacks
76.2%
White Sox
76.2%
Indians
76.2%
Twins
76.1%
Phillies
76%
Reds
75.8%
Cubs
75.8%
Cardinals
75.4%
Twins
74.8%
Rangers
74.8%
Twins
74.5%
Twins
74.5%
Padres
74.3%
White Sox
74.2%
Indians
74.1%
Astros
74%
Diamondbacks
73.5%
Brewers
73.5%
Rays
73.2%
Cardinals
73%
Blue Jays
73%
Pirates
73%
Astros
72.9%
Nationals
72.9%
Angels
72.9%
Red Sox
72.5%
Royals
72.3%
Orioles
72%
Orioles
72%
Cubs
71.7%
Reds
71.7%
Rockies
71.5%
Rangers
71.5%
Dodgers
71.3%
Twins
71.1%
Phillies
71.1%
Cubs
70.9%
Dodgers
70.9%
Mets
70.9%
Rays
70.8%
Rangers
70.7%
Team Players % Correct
Astros
70.7%
Mets
70.6%
Brewers
70.2%
Blue Jays
70.1%
Diamondbacks
70%
Braves
70%
Mariners
69.8%
Mariners
69.6%
Nationals
69.6%
Royals
69.2%
Nationals
68.7%
Pirates
68.7%
Athletics
68.6%
Astros
67.8%
Giants
67.7%
Angels
67.4%
Angels
67.1%
Nationals
66.9%
Reds
65.8%
Diamondbacks
65.7%
Rangers
65.7%
Marlins
65.6%
Nationals
65.6%
Mariners
65.6%
Dodgers
65.4%
Mets
64.7%
Padres
64.5%
Royals
64.1%
Mariners
63.7%
Phillies
63.4%
Rays
63.2%
Phillies
62.3%
Blue Jays
61.8%
Angels
61.6%
Blue Jays
61.4%
Rangers
61.2%
Athletics
61.1%
Nationals
61.1%
Cardinals
60.5%
Angels
60.4%
Marlins
60.4%
Athletics
60.3%
Blue Jays
60.1%
Cardinals
59.1%
Giants
58.9%
Rockies
57.7%
Mariners
57.7%
Pirates
57.6%
Royals
57.2%
Blue Jays
56.4%
Rangers
56.4%
Pirates
56.2%
Astros
56%
Marlins
55.4%
Mariners
54.9%
Giants
53.5%
Athletics
52.8%
Indians
51.7%
Dodgers
51.3%
Pirates
50.7%
Athletics
50.3%
Blue Jays
48.9%
Athletics
48.6%
Athletics
48.3%
Reds
47.8%
Rockies
47.7%
Indians
47.7%
Indians
47.6%
Giants
47.6%
Royals
47.4%
Royals
47.1%
Mets
45%
Athletics
44.5%
Dodgers
44.4%
Royals
42.4%
Athletics
42.3%
Astros
41%
Rays
38.8%
Braves
34.7%
Royals
34%
Pirates
34%
Giants
33.3%
Diamondbacks
31.7%
Giants
31.5%
Brewers
29.7%
Padres
29.2%
Athletics
28.8%
Giants
28.4%
Mariners
28.4%
Nationals
27.5%
Padres
27.3%
Indians
23.6%
Blue Jays
21.1%
Twins
17.7%
Giants
17.4%
Pirates
15.1%
Padres
15.1%
Mets
12%
Nationals
10.8%
Padres
5.6%

You're not logged in!

Compare scores with friends on all Sporcle quizzes.
OR
Log In

Sporcle TV

Today on Sporcle TV


Watch our educational content, quiz creation guides, and fun videos on Sporcle TV.

Show Comments

Extras

Top Quizzes Today


Score Distribution

Paid Content

Your Account Isn't Verified!

In order to create a playlist on Sporcle, you need to verify the email address you used during registration. Go to your Sporcle Settings to finish the process.

Report this User

Report this user for behavior that violates our Community Guidelines.

Details: